000 00466nam a22001817a 4500
003 MPLRDC
005 20220104161140.0
008 210129b ||||| |||| 00| 0 eng d
020 _a981-4196-00-2
082 _a859.4 QZXP v.4
100 _a叶天达
245 _a生活小品集
_c
260 _a新加颇
_b九童国际文化事业有限公司
_c2005
300 _b
490 _a亲子小品系列
650 _a儿童文学
942 _cBK
_o859.4 QZXP v.4
999 _c55337
_d55327